Analisis de un problema de definiciones: la criminalidad en Puerto Rico (Registro nro. 16317)
[ vista simple ]
| 000 -CABECERA | |
|---|---|
| campo de control de longitud fija | 00522nab a2200181 a 4500 |
| 001 - NÚMERO DE CONTROL | |
| campo de control | 16317 |
| 003 - IDENTIFICADOR DEL NÚMERO DE CONTROL | |
| campo de control | 34685 |
| 005 - FECHA Y HORA DE LA ÚLTIMA TRANSACCIÓN | |
| campo de control | 20201118095504.0 |
| 008 - DATOS DE LONGITUD FIJA--INFORMACIÓN GENERAL | |
| campo de control de longitud fija | ||||||n9999 ||| || || |
| 100 ## - ENTRADA PRINCIPAL--NOMBRE DE PERSONA | |
| Nombre de persona | Vazquez, Angie |
| 245 #0 - MENCIÓN DE TÍTULO | |
| Título | Analisis de un problema de definiciones: la criminalidad en Puerto Rico |
| 300 ## - DESCRIPCIÓN FÍSICA | |
| Extensión | pp. 120-126 |
| 562 ## - NOTA DE IDENTIFICACIÓN DE LA COPIA Y VERSIÓN | |
| Número de copias | 0 |
| 650 ## - PUNTO DE ACCESO ADICIONAL DE MATERIA--TÉRMINO DE MATERIA | |
| Término de materia o nombre geográfico como elemento de entrada | ANÁLISIS DE CASOS |
| 650 ## - PUNTO DE ACCESO ADICIONAL DE MATERIA--TÉRMINO DE MATERIA | |
| Término de materia o nombre geográfico como elemento de entrada | DELINCUENCIA ORGANIZADA |
| 773 ## - ENLACE AL DOCUMENTO FUENTE/ENTRADA DE REGISTRO ANFITRIÓN | |
| Número bibliográfico anfitrión | 16307 |
| Encabezamiento principal | Homines: Revista de Ciencias Sociales - Vol.14 No.2, Vol.15 No.1 |
| 942 ## - ELEMENTOS DE PUNTO DE ACCESO ADICIONAL (KOHA) | |
| Tipo de ítem Koha | Artículo de Revista |
No hay ítems disponibles.

